000 002630000a22000970004500
100 1 _aHamilton, Tim
245 1 0 _aThe day sea came (Back to Orissa : Putting a roof over their heads)
300 _aNum. 13, (2000), Páginas 22-23
773 0 _tTeartimes
942 _cANA
999 _c55888
_d55888